Normal view
MARC view
- MS-Information Technology
Entry Topical Term
001 - CONTROL NUMBER
- control field: 125114
003 - CONTROL NUMBER IDENTIFIER
- control field: NUST
005 - DATE AND TIME OF LATEST TRANSACTION
- control field: 20240813110756.0
008 - FIXED-LENGTH DATA ELEMENTS
- fixed length control field: 240813|| aca||aabn | a|a d
040 ## - CATALOGING SOURCE
- Original cataloging agency: NUST
- Transcribing agency: NUST
150 ## - HEADING--TOPICAL TERM
- Topical term or geographic name entry element: MS-Information Technology
670 ## - SOURCE DATA FOUND
- Source citation: Work cat.: (NUST): Iqbal Muhammad Hamza 125113, Orchestrating key features of Open-Source Network operating system using Ansible /
